[Event "Eastern Asia-ch U18"]
[Site "Tornelo INT"]
[Date "2021.10.29"]
[Round "3"]
[White "Ngo, Duc Tri"]
[Black "Lu, Johnmari Joseph"]
[Result "0-1"]
[WhiteElo "2092"]
[BlackElo "1480"]
[PlyCount "136"]
[EventDate "2021.10.29"]
[EventType "swiss"]
[EventRounds "9"]
[EventCountry "NET"]
[SourceTitle "CBM 205 Extra"]
[Source "ChessBase"]
[SourceDate "2022.01.31"]
[SourceVersion "1"]
[SourceVersionDate "2022.01.31"]
[SourceQuality "1"]

1. e4 d5 2. exd5 Nf6 3. c4 c6 4. dxc6 Nxc6 5. Nc3 Bf5 6. Nf3 e6 7. d4 Nb4 8. Qa4+ Nd7 9. Kd2 Nc6 10. Ke1 Nb6 11. Qd1 Nb4 12. Bg5 f6 13. Be3 Nc2+ 14. Kd2 Nxa1 15. Qxa1 Bb4 16. Qd1 Rc8 17. Qb3 Bxc3+ 18. bxc3 0-0 19. Be2 Qc7 20. c5 Nd5 21. Nh4 Bg6 22. Nxg6 hxg6 23. Bd3 f5 24. Bg5 Kh8 25. h4 b6 26. h5 gxh5 27. Rxh5+ Kg8 28. g4 bxc5 29. Bxf5 exf5 30. Qxd5+ Qf7 31. Qxf7+ Rxf7 32. d5 fxg4 33. Be3 c4 34. d6 Rd8 35. Bc5 g6 36. Rh4 Rf5 37. Bxa7 Rxd6+ 38. Ke1 g3 39. fxg3 Re6+ 40. Kd1 Rd5+ 41. Bd4 Ra6 42. Rh2 Ra3 43. Kc1 Rh5 44. Re2 Rg5 45. Be5 Ra6 46. Bf4 Rd5 47. Kb2 g5 48. Re5 Rxe5 49. Bxe5 Re6 50. Bd4 Re2+ 51. Ka3 Kf7 52. Kb4 Rxa2 53. Kxc4 Ke6 54. Bb6 Ra4+ 55. Kb5 Rg4 56. Bc7 Kd5 57. Ka5 Rc4 58. Bd8 g4 59. Bf6 Re4 60. Kb5 Rc4 61. Bg7 Rc8 62. Bd4 Rb8+ 63. Ka5 Kc4 64. Ka6 Rb3 65. Ka5 Rxc3 66. Be5 Rb3 67. Bf4 Kd3 68. Ka4 Rb7 0-1

[Event "Eastern Asia-ch U18"]
[Site "Tornelo INT"]
[Date "2021.10.29"]
[Round "2"]
[White "Shintre, Neel"]
[Black "Lu, Johnmari Joseph"]
[Result "0-1"]
[WhiteElo "1292"]
[BlackElo "1480"]
[PlyCount "116"]
[EventDate "2021.10.29"]
[EventType "swiss"]
[EventRounds "9"]
[EventCountry "NET"]
[SourceTitle "CBM 205 Extra"]
[Source "ChessBase"]
[SourceDate "2022.01.31"]
[SourceVersion "1"]
[SourceVersionDate "2022.01.31"]
[SourceQuality "1"]

1. e4 d5 2. exd5 Qxd5 3. Nf3 Nf6 4. d4 a6 5. Be2 e6 6. 0-0 c5 7. c4 Qd6 8. dxc5 Qxd1 9. Rxd1 Bxc5 10. Nc3 Nc6 11. Bf4 0-0 12. Ne5 Nxe5 13. Bxe5 Re8 14. Bf3 Nd7 15. Bxb7 Bxb7 16. Rxd7 Bc6 17. Rd3 Rad8 18. Rad1 Rxd3 19. Rxd3 f6 20. Bc7 Kf7 21. a3 Re7 22. Ba5 Rb7 23. b4 Be7 24. f3 Rb8 25. Kf2 Rc8 26. c5 f5 27. Bb6 Bf6 28. g4 fxg4 29. fxg4 e5 30. Rd6 e4 31. Rxc6 Rxc6 32. Nxe4 Bd4+ 33. Kf3 h6 34. a4 Ke6 35. b5 axb5 36. axb5 Rc8 37. Nd6 Rf8+ 38. Ke4 Be5 39. Nf5 g6 40. Ne3 Rf4+ 41. Kd3 Rd4+ 42. Kc3 Rxg4+ 43. Kb3 Re4 44. c6 Bxh2 45. Nc4 Kd5 46. Ne3+ Kd6 47. c7 Kd7 48. Nd5 Re6 49. Ba5 Kc8 50. Kc4 Kb7 51. b6 Bd6 52. Bc3 h5 53. Kb5 g5 54. Bf6 h4 55. Kc4 h3 56. Bxg5 h2 57. Bf4 Bxf4 58. Nxf4 Re4+ 0-1